| 000 | 00601nam a22001932 4500 | ||
|---|---|---|---|
| 001 | 0000019769 | ||
| 005 | 20151217155902.0 | ||
| 008 | 110207s xx 000 0 eng d | ||
| 040 |
_aKABU _cKABU |
||
| 100 | 1 |
_aOgot, Bethwell A. _@0000148931 |
|
| 245 | 1 | 2 |
_aA History of the Luo-speaking peoples of Eastern Africa / _cBethwell A. Ogot. |
| 250 | _a1st ed. | ||
| 260 |
_aKisumu, Kenya : _bAnyange Press, _c2009. |
||
| 300 | _a912 p. | ||
| 650 | 0 |
_aLuo (African people) _@0000179712 |
|
| 852 | 1 | _9p4000 KES | |
| 908 | _a110207 | ||
| 950 | _@1 | ||
| 999 |
_c13723 _d13723 |
||